High-Low: Income by Continent - Statistics

General Stats
  • This quiz has been taken 50 times
  • The average score is 24 of 36
Answer Stats
Continent Income Country % Correct
North America $57,812 Canada
91%
Europe $203,404 Monaco
91%
North America $76,027 United States
91%
Europe $140,694 Luxembourg
85%
Asia $131,580 Singapore
83%
Europe $133,735 Liechtenstein
80%
South America $26,663 Uruguay
78%
Oceania $61,941 Australia
76%
South America $12,664 Ecuador
76%
Oceania $50,411 New Zealand
76%
South America $5,949 Venezuela
76%
South America $28,526 Chile
74%
South America $9,856 Bolivia
70%
South America $38,258 Guyana
70%
Europe $13,964 Kosovo
70%
Europe $16,719 Moldova
70%
Asia $78,255 United Arab Emirates
70%
Asia $112,789 Qatar
67%
Africa $1,102 Central African Republic
63%
North America $3,189 Haiti
63%
North America $7,071 Nicaragua
63%
Europe $14,325 Ukraine
63%
Asia $2,456 Afghanistan
61%
Africa $35,272 Seychelles
61%
Africa $928 South Sudan
61%
North America $6,740 Honduras
59%
Oceania $2,851 Vanuatu
59%
Asia $2,078 Yemen
59%
North America $40,274 Bahamas
57%
Oceania $2,385 Solomon Islands
57%
Asia $1,588 North Korea
54%
Oceania $13,652 Palau
54%
Africa $856 Burundi
48%
Africa $25,043 Mauritius
48%
Oceania $2,148 Kiribati
43%
Africa $19,287 Botswana
37%
No matching quizzes found
Score Distribution
Percent of People with Each Score
Percentile by Number Answered
Your Score History
You have not taken this quiz